Cloud-radiation interactions and their parameterization in climate models : (report of international workshop, National Oceanic and Atmospheric Administration Science Center, Camp Springs, Maryland, U.S.A., 18-20 October 1993).

Bibliographic Details
Corporate Authors: International Association of Meteorology and Atmospheric Sciences. Joint Working Group on Clouds and Radiation, World Climate Research Programme
Format: Book
Language:English
Published: [Geneva, Switzerland] : [World Meteorological Organization], 1994.
Series:WCRP (Series) ; 86.
WMO/TD ; no. 648.
Subjects:

MARC

Tag First Indicator Second Indicator Subfields
LEADER 00000cam a2200000Ia 4500
001 in00001619705
005 20151023060417.0
008 950523s1994 sz a i100 0 eng d
035 |a (OCoLC)ocm32527595 
040 |a ORE  |c ORE  |d AGX  |d OCL  |d TXA  |d UtOrBLW 
049 |a TXAM 
072 0 |a B200 
090 |a QC851  |b .W164 no.86 
245 0 0 |a Cloud-radiation interactions and their parameterization in climate models :  |b (report of international workshop, National Oceanic and Atmospheric Administration Science Center, Camp Springs, Maryland, U.S.A., 18-20 October 1993). 
264 1 |a [Geneva, Switzerland] :  |b [World Meteorological Organization],  |c 1994. 
300 |a viii, 147, 6 pages :  |b illustrations ;  |c 30 cm. 
336 |a text  |b txt  |2 rdacontent 
337 |a unmediated  |b n  |2 rdamedia 
338 |a volume  |b nc  |2 rdacarrier 
490 1 |a WMO/TD ;  |v no. 648 
490 1 |a WCRP ;  |v 86 
500 |a Organized by the Joint Working Group on Clouds and Radiation of the International Association of Meteorology and Atmospheric Sciences. 
500 |a On cover: World Climate Programme, Research. 
500 |a Series statements from cover. 
500 |a "November 1994" 
650 0 |a Clouds  |x Effect of radiation on  |v Congresses. 
650 0 |a Climatology  |x Mathematical models  |v Congresses. 
710 2 |a International Association of Meteorology and Atmospheric Sciences.  |b Joint Working Group on Clouds and Radiation. 
710 2 |a World Climate Research Programme. 
830 0 |a WCRP (Series) ;  |v 86. 
830 0 |a WMO/TD ;  |v no. 648. 
994 |a E0  |b TXA 
948 |a cataloged  |b h  |c 2001/7/12  |d c  |e jlanham  |f 9:00:23 am 
999 |a MARS 
999 f f |s 9a979ccb-8761-3d0f-8be6-934996644a0b  |i 7b5a7879-0e7b-3fab-9f9d-a45fb9ed7fd2  |t 0 
952 f f |p normal  |a Texas A&M University  |b College Station  |c Sterling C. Evans Library  |d Evans: Library Stacks  |t 0  |e QC851 .W164 no.86  |h Library of Congress classification  |i unmediated -- volume  |m A14827753778 
998 f f |a QC851 .W164 no.86  |t 0  |l Evans: Library Stacks